000 02052nam a2200205Ia 4500
003 Ost
005 20260416102401.0
008 260416s9999||||xx |||||||||||||| ||und||
040 _cfsecg
041 _aara
082 _a346.023
100 _aبعزيز، أمال
_eمؤلف
245 0 _aقانون الصفقات العمومية /
_c أمال بعزيز
260 _aالجزائر
_bجامعة الجزائر3: كلية العلوم الإقتصادية، العلوم التجارية وعلوم التسيير
_c2024
300 _a111 ورقة
_bايضاحات
_c12 سم
504 _aالمراجع ص.101 الملاحق ص.110
520 _aتتناول هذه المطبوعة بشكل تفصيلي إطار قانون الصفقات العمومية وتفويضات المرفق العام في الجزائر، مع استعراض تاريخ تطور هذا النظام القانوني وأهم المبادئ التي يقوم عليها.يشمل العمل تحليلاً دقيقاً لأنواع الصفقات العمومية، وطرق إبرامها، والإجراءات التي يجب اتباعها في كل مرحلة من مراحل الصفقة، بدءاً من الإعلان عن طلب العروض وحتى تنفيذ العقد. كما يتناول المطبوعة بالتفصيل المعايير التي تخضع لها الصفقات العمومية، والمبادئ الأساسية التي تحكمها مثل مبدأ حرية المنافسة والمساواة والشفافية.أخيرًا، تُسلط هذه المطبوعة الضوء على أهمية الرقابة على الصفقات العمومية، سواء كانت رقابة داخلية أو خارجية، وذلك لضمان الشفافية والنزاهة في إجراءات إبرام العقود وحماية المال العام.
710 _aجامعة الجزائر3: كلية العلوم الإقتصادية، العلوم التجارية وعلوم التسيير
_eناشر علمي
942 _cHANDOUT
999 _c41443
_d41443